000 00401nam a22001571a 4500
999 _c148672
_d148672
020 _a9788171803293
082 _aM1
_bBAL/O
100 _aBalakrishna Panikker V C
245 _aOru vilapam/
_cby Balakrishna Panikker V C.
260 _aKochi:
_bSahithya Parishath,
_c1992.
300 _a59p.
650 _aPoetry Malayalam
650 _aLiterature Malayalam
650 _aLiterature
942 _cBK